| 000 | 00540nam a22001817a 4500 | ||
|---|---|---|---|
| 008 | 230630b |||||||| |||| 00| 0 eng d | ||
| 020 | _a81-7656-591-1 | ||
| 040 |
_aNational Science Library _cNational Science Library |
||
| 080 |
_a681.3.06ADOB6 _bP2 |
||
| 245 |
_aBPO एडोब फोटोशॉप 7 _c/ BPO Editorial Board |
||
| 246 | _aBPO ADOBE photoshop 7 | ||
| 260 |
_aNew Delhi: _bBPB Publications, _c2002 |
||
| 300 | _a351p. | ||
| 650 | _aComputer | ||
| 653 | _aSoftware | ||
| 653 | _aTechnology | ||
| 942 |
_2udc _cHBK |
||
| 999 |
_c48424 _d48424 |
||